| 000 | 00892nam a2200265 a 4500 | ||
|---|---|---|---|
| 001 | C01483725c-0 | ||
| 003 | CO-ViMGA | ||
| 005 | 20230915233136.0 | ||
| 008 | 150810s2015 ck gr 0001p fre d | ||
| 020 | _a9789588894379 | ||
| 040 |
_aCO-ViMGA _bspa _cCO-ViMGA |
||
| 043 | _as-ck--- | ||
| 090 | _aN OSPA | ||
| 100 | 1 |
_aOspina, William, _d1954- _93595 |
|
| 245 | 1 | 3 |
_aEl año del verano que nunca llegó / _cWilliam Ospina. |
| 250 | _aEdicion especial para El Ministerio de Cultura, Biblioteca Nacional de Colombia | ||
| 260 |
_aBogotá : _bPenguin Random House Grupo Editorial, _c2015. |
||
| 300 |
_a295 páginas ; _c24 cm. |
||
| 490 | 1 | _aLiteratura Random House | |
| 650 | 1 | 4 |
_aEpidemias _v Novela. _93597 |
| 650 | 1 | 4 |
_aErupciones volcánicas _v Novela. _93596 |
| 650 | 1 | 4 |
_aNovela colombiana. _9588 |
| 651 | 4 |
_aEuropa _x Descripciones y viajes _v Novela. _93598 |
|
| 942 |
_2ddc _cBK |
||
| 999 |
_c4007 _d4007 |
||